00651 2200217 4500001002100000005001500021035002500036008004100061245009200102100002900194260003000223300003400253020002200287082001000309084001600319650001700335650002400352650001600376700002900392990001200421INLIS00000000000037620220607025829 a0010-121900000000376220607 g 0 ind 1 aBisnis jamur tiram di rumah sendiri /cElang Lilik Martawijaya, Mochamad Yadi Nurjayadi1 aMARTAWIJAYA, Elang Lilik aBogor :bIPB Press,c2010 aviii, 78 p. :bill. ;c21 cm. a978-979-493-247-6 a635.8 a635.8 MAR b 4aEDIBLE FUNGI 4aPLEUROTUS OSTREATUS 4aCULTIVATION1 aNURJAYADI, Mochamad Yadi aaC00730